| 000 | 00527nam a2200169Ia 4500 | ||
|---|---|---|---|
| 005 | 20250422122317.0 | ||
| 008 | 231217s9999 xx 000 0 und d | ||
| 020 | _a9780792399520 | ||
| 082 | _a621.367 BHA;1 R | ||
| 100 | _aBhaskaran, Vasudev. Konstantinides, Konstantinos | ||
| 245 | 0 | _aImage and video compression standards : algorithms and architectures | |
| 250 | _a2nd ed. | ||
| 260 |
_c1997 _bKluwer Academic Press _aNorwell |
||
| 300 | _axvi+454 | ||
| 650 | _acompression,standards,:,architectures | ||
| 942 | _cAA | ||
| 999 |
_c179506 _d179506 |
||